[Event "HUN-chT2 Charousek 0708"]
[Site "Hungary"]
[Date "2008.03.30"]
[Round "9"]
[White "Farago, Sandor"]
[Black "Neber, Akos"]
[Result "1-0"]
[WhiteElo "2261"]
[BlackElo "2191"]
[PlyCount "79"]
[EventDate "2007.10.14"]
[EventType "team"]
[EventRounds "11"]
[EventCountry "HUN"]
[SourceTitle "EXT 2009"]
[Source "ChessBase"]
[SourceDate "2008.11.26"]
[SourceVersion "1"]
[SourceVersionDate "2008.11.26"]
[SourceQuality "1"]
[WhiteTeam "Taban Spartacus"]
[BlackTeam "Szenna Pack"]
[WhiteTeamCountry "HUN"]
[BlackTeamCountry "HUN"]

1. e4 e6 2. d4 d5 3. Nc3 Nf6 4. e5 Nfd7 5. Nce2 c5 6. c3 Nc6 7. f4 cxd4 8. cxd4 f5 9. Nf3 Be7 10. Nc3 0-0 11. Bd3 Nb6 12. h4 Bd7 13. g4 a5 14. gxf5 exf5 15. Qe2 Be6 16. Be3 Nb4 17. Bb5 Nc4 18. Bc1 Rc8 19. a3 Na6 20. Na4 Nb8 21. Ng5 Bxg5 22. hxg5 g6 23. b3 Nb6 24. Nc5 Qe7 25. Bd2 Nc6 26. Bxc6 Rxc6 27. Bxa5 Nd7 28. Bb4 Nxc5 29. Bxc5 Qc7 30. Rd1 b6 31. Bxf8 Rc2 32. Qd3 Rc3 33. Qd2 Rc2 34. Qb4 Rg2 35. Bc5 bxc5 36. Qxc5 Qb7 37. Rd2 Rg3 38. b4 Qa6 39. b5 Qa5 40. Qb4 1-0

[Event "HUN-chT2 Charousek 0708"]
[Site "Hungary"]
[Date "2008.03.16"]
[Round "8"]
[White "Kovacs, Istvan"]
[Black "Neber, Akos"]
[Result "1-0"]
[WhiteElo "2220"]
[BlackElo "2191"]
[PlyCount "63"]
[EventDate "2007.10.14"]
[EventType "team"]
[EventRounds "11"]
[EventCountry "HUN"]
[SourceTitle "EXT 2009"]
[Source "ChessBase"]
[SourceDate "2008.11.26"]
[SourceVersion "1"]
[SourceVersionDate "2008.11.26"]
[SourceQuality "1"]
[WhiteTeam "Dunaharaszti"]
[BlackTeam "Szenna Pack"]
[WhiteTeamCountry "HUN"]
[BlackTeamCountry "HUN"]

1. Nf3 d5 2. g3 Nf6 3. Bg2 e6 4. 0-0 Be7 5. b3 0-0 6. Bb2 c5 7. c4 dxc4 8. bxc4 Nc6 9. d3 Qc7 10. Nc3 a6 11. Rb1 Rb8 12. Ba1 b6 13. Qb3 Bd7 14. Rfc1 Rfc8 15. Na4 Na5 16. Qd1 Qc6 17. Nc3 Qc7 18. Qd2 Bc6 19. Nd1 Nd7 20. Bc3 Nb7 21. Ne3 b5 22. Ng4 b4 23. Ba1 f6 24. h4 Rd8 25. h5 e5 26. Qe3 Nd6 27. Bh3 Ba8 28. Nh4 Nf8 29. h6 g6 30. Nxe5 fxe5 31. Qxe5 Bxh4 32. Qh8+ 1-0

[Event "HUN-chT2 Charousek 0708"]
[Site "Hungary"]
[Date "2007.10.14"]
[Round "1"]
[White "Sardy, Peter"]
[Black "Neber, Akos"]
[Result "1/2-1/2"]
[WhiteElo "2339"]
[BlackElo "2191"]
[PlyCount "98"]
[EventDate "2007.10.14"]
[EventType "team"]
[EventRounds "11"]
[EventCountry "HUN"]
[SourceTitle "EXT 2009"]
[Source "ChessBase"]
[SourceDate "2008.11.26"]
[SourceVersion "1"]
[SourceVersionDate "2008.11.26"]
[SourceQuality "1"]
[WhiteTeam "Lovo"]
[BlackTeam "Szenna Pack"]
[WhiteTeamCountry "HUN"]
[BlackTeamCountry "HUN"]

1. e4 e6 2. d4 d5 3. Nc3 Nf6 4. e5 Nfd7 5. f4 c5 6. Nf3 Nc6 7. Be3 a6 8. Qd2 b5 9. dxc5 Bxc5 10. Bxc5 Nxc5 11. Nd4 Nxd4 12. Qxd4 Qb6 13. b4 Na4 14. Qxb6 Nxb6 15. Bd3 Bd7 16. 0-0 0-0 17. Ne2 Rfc8 18. Nd4 Rc3 19. Rf3 g6 20. Be2 Rxf3 21. Nxf3 Rc8 22. Bd3 Rc3 23. Nd2 Na4 24. Kf2 Nb2 25. Ke3 Nxd3 26. cxd3 Rc2 27. d4 Rc3+ 28. Ke2 Kg7 29. Rb1 Ra3 30. Rb2 a5 31. Nb1 Ra4 32. a3 g5 33. fxg5 Kg6 34. h4 Kh5 35. g3 Kg4 36. Kf2 axb4 37. Rxb4 Ra7 38. Rb3 Rc7 39. Rc3 Rc4 40. Rd3 b4 41. axb4 Rxb4 42. Nd2 Rb2 43. Ke1 Bb5 44. Rc3 Ra2 45. Rb3 Ba6 46. Rc3 Ra1+ 47. Kf2 Ra2 48. Ke1 Ra1+ 49. Kf2 Ra2 1/2-1/2

[Event "HUN-chT2 Charousek 0607"]
[Site "Hungary"]
[Date "2007.02.18"]
[Round "5"]
[White "Neber, Akos"]
[Black "Horvath, Gabor2222"]
[Result "1/2-1/2"]
[WhiteElo "2195"]
[BlackElo "2233"]
[PlyCount "68"]
[EventDate "2006.11.12"]
[EventType "team"]
[EventRounds "11"]
[EventCountry "HUN"]
[SourceTitle "EXT 2008"]
[Source "ChessBase"]
[SourceDate "2007.11.25"]
[SourceVersion "1"]
[SourceVersionDate "2007.11.25"]
[SourceQuality "1"]
[WhiteTeam "Szenna Pack"]
[BlackTeam "Decs"]
[WhiteTeamCountry "HUN"]
[BlackTeamCountry "HUN"]

1. e4 d6 2. d4 Nf6 3. Nc3 g6 4. Be3 c6 5. Qd2 b5 6. f3 Nbd7 7. g4 Nb6 8. g5 Nh5 9. Bd3 e5 10. Nge2 Be7 11. a4 b4 12. Nd1 a5 13. Nf2 0-0 14. Ng4 Bxg4 15. fxg4 Ng7 16. h4 Ne6 17. b3 c5 18. dxe5 dxe5 19. 0-0-0 Nd4 20. Bxd4 cxd4 21. Rdf1 Rc8 22. Kb1 Rc5 23. Rh3 Qd7 24. h5 Qd8 25. hxg6 fxg6 26. Rxf8+ Qxf8 27. Ng1 Rc7 28. Nf3 Bd6 29. Qe2 Rf7 30. Qh2 Qe7 31. Qe2 Rf4 32. Rg3 Kh8 33. Kb2 Qf7 34. Kb1 Qe7 1/2-1/2

[Event "HUN-chT2 Charousek 0607"]
[Site "Hungary"]
[Date "2006.11.12"]
[Round "1"]
[White "Papp, Judit"]
[Black "Neber, Akos"]
[Result "1/2-1/2"]
[WhiteElo "2176"]
[BlackElo "2195"]
[PlyCount "36"]
[EventDate "2006.11.12"]
[EventType "team"]
[EventRounds "11"]
[EventCountry "HUN"]
[SourceTitle "EXT 2008"]
[Source "ChessBase"]
[SourceDate "2007.11.25"]
[SourceVersion "1"]
[SourceVersionDate "2007.11.25"]
[SourceQuality "1"]
[WhiteTeam "Paks II"]
[BlackTeam "Szenna Pack"]
[WhiteTeamCountry "HUN"]
[BlackTeamCountry "HUN"]

1. e4 e6 2. d4 d5 3. Nc3 Nf6 4. Bg5 Be7 5. e5 Nfd7 6. h4 Bxg5 7. hxg5 Qxg5 8. Nh3 Qe7 9. Nf4 Nc6 10. Qd3 g6 11. 0-0-0 Nb6 12. Qg3 Bd7 13. Rh6 0-0-0 14. Bb5 Na5 15. Bxd7+ Nxd7 16. Qh3 Nc4 17. a3 Qg5 18. g3 c5 1/2-1/2

[Event "HUN-chT2 Charousek 0506"]
[Site "Hungary"]
[Date "2006.03.19"]
[Round "9"]
[White "Radnai, Adam"]
[Black "Neber, Akos"]
[Result "1/2-1/2"]
[WhiteElo "2198"]
[BlackElo "2183"]
[PlyCount "46"]
[EventDate "2005.10.16"]
[EventType "team"]
[EventRounds "11"]
[EventCountry "HUN"]
[SourceTitle "EXT 2009"]
[Source "ChessBase"]
[SourceDate "2008.11.26"]
[SourceVersion "1"]
[SourceVersionDate "2008.11.26"]
[SourceQuality "1"]
[WhiteTeam "BEAC"]
[BlackTeam "Szenna Pack"]
[WhiteTeamCountry "HUN"]
[BlackTeamCountry "HUN"]

1. e4 e6 2. d4 d5 3. exd5 exd5 4. Nf3 Nf6 5. c4 Be7 6. Nc3 0-0 7. Be2 dxc4 8. Bxc4 Nbd7 9. 0-0 Nb6 10. Bb3 c6 11. h3 Nfd5 12. Bc2 Nxc3 13. bxc3 Be6 14. Qd3 g6 15. Bb3 Bxb3 16. axb3 Bf6 17. Rd1 Qc7 18. Nd2 Bg7 19. Ne4 Nd5 20. Qf3 Rfe8 21. Bd2 f5 22. Nc5 b6 23. Nd3 Re4 1/2-1/2

[Event "HUN-chT2 Charousek 0506"]
[Site "Hungary"]
[Date "2005.11.27"]
[Round "4"]
[White "Papp, Tamas"]
[Black "Neber, Akos"]
[Result "1/2-1/2"]
[WhiteElo "2246"]
[BlackElo "2183"]
[PlyCount "58"]
[EventDate "2005.10.16"]
[EventType "team"]
[EventRounds "11"]
[EventCountry "HUN"]
[SourceTitle "EXT 2009"]
[Source "ChessBase"]
[SourceDate "2008.11.26"]
[SourceVersion "1"]
[SourceVersionDate "2008.11.26"]
[SourceQuality "1"]
[WhiteTeam "Decs"]
[BlackTeam "Szenna Pack"]
[WhiteTeamCountry "HUN"]
[BlackTeamCountry "HUN"]

1. e4 e6 2. d4 d5 3. Nc3 Nf6 4. Bg5 Be7 5. e5 Nfd7 6. h4 Bxg5 7. hxg5 Qxg5 8. Nb5 Kd8 9. Nh3 Qe7 10. Qg4 f5 11. Qg5 Na6 12. 0-0-0 Nf8 13. Qf4 h6 14. Qd2 Bd7 15. g4 fxg4 16. Nf4 Be8 17. Be2 h5 18. Ng2 Rh6 19. Rdf1 Nb4 20. a3 Nc6 21. f3 g3 22. f4 Bg6 23. Nc3 Qf7 24. Nh4 Bf5 25. Nxf5 exf5 26. Bf3 Ne7 27. Qg2 c6 28. Qxg3 Ne6 29. Ne2 Kc7 1/2-1/2

[Event "HUN-chT2 Charousek 0304"]
[Site "Hungary"]
[Date "2004.04.18"]
[Round "11"]
[White "Takacs, Balazs"]
[Black "Neber, Akos"]
[Result "1/2-1/2"]
[WhiteElo "2062"]
[BlackElo "2158"]
[PlyCount "20"]
[EventDate "2003.09.28"]
[EventType "team"]
[EventRounds "11"]
[EventCountry "HUN"]
[SourceTitle "EXT 2005"]
[Source "ChessBase"]
[SourceDate "2004.11.15"]
[SourceVersion "1"]
[SourceVersionDate "2004.11.15"]
[SourceQuality "1"]

1. e4 e6 2. d4 d5 3. Nc3 Nf6 4. Bg5 Be7 5. e5 Nfd7 6. Bxe7 Qxe7 7. Bd3 a6 8. Qg4 f5 9. Qh5+ Qf7 10. Qxf7+ Kxf7 1/2-1/2

[Event "HUN-chT2 Charousek 0304"]
[Site "Hungary"]
[Date "2004.03.21"]
[Round "9"]
[White "Csaszar, Gyula"]
[Black "Neber, Akos"]
[Result "1/2-1/2"]
[WhiteElo "2126"]
[BlackElo "2158"]
[PlyCount "92"]
[EventDate "2003.09.28"]
[EventType "team"]
[EventRounds "11"]
[EventCountry "HUN"]
[SourceTitle "EXT 2005"]
[Source "ChessBase"]
[SourceDate "2004.11.15"]
[SourceVersion "1"]
[SourceVersionDate "2004.11.15"]
[SourceQuality "1"]

1. e4 e6 2. d4 d5 3. Nd2 Nf6 4. e5 Nfd7 5. f4 c5 6. c3 Nc6 7. Ndf3 Qb6 8. g3 cxd4 9. cxd4 Bb4+ 10. Kf2 Be7 11. Ne2 0-0 12. h4 f5 13. Kg2 Qd8 14. a3 a5 15. Nc3 Nb6 16. Be3 Bd7 17. Bd3 a4 18. Nd2 Na5 19. Bf2 Kh8 20. g4 Rc8 21. Qe2 Nac4 22. Nf1 fxg4 23. Bg3 Qe8 24. Rb1 Bd8 25. Nd1 Qh5 26. Nf2 Be8 27. Qxg4 Rc6 28. Qxh5 Bxh5 29. Nh3 Bg4 30. Nf2 Bh5 31. Nh3 Be7 32. Nf2 Na5 33. Ne3 Nbc4 34. Nfg4 g6 35. Rhf1 Rfc8 36. Be1 Rb6 37. Nd1 Nb3 38. Bc3 Rbc6 39. Rf2 Rb8 40. Be2 b5 41. Bd3 Rcb6 42. Nde3 Rc6 43. Nd1 Rcb6 44. Kg3 Nba5 45. Re2 Nb3 46. Nge3 R8b7 1/2-1/2

[Event "HUN-chT2 Charousek 0304"]
[Site "Hungary"]
[Date "2003.10.05"]
[Round "2"]
[White "Neber, Akos"]
[Black "Laszlo, Zoltan"]
[Result "1-0"]
[WhiteElo "2158"]
[BlackElo "2123"]
[PlyCount "80"]
[EventDate "2003.09.28"]
[EventType "team"]
[EventRounds "11"]
[EventCountry "HUN"]
[SourceTitle "EXT 2005"]
[Source "ChessBase"]
[SourceDate "2004.11.15"]
[SourceVersion "1"]
[SourceVersionDate "2004.11.15"]
[SourceQuality "1"]

1. e4 c6 2. d4 d5 3. exd5 cxd5 4. Bd3 Nc6 5. c3 Nf6 6. Nf3 Bg4 7. 0-0 e6 8. Re1 Be7 9. Nbd2 0-0 10. Nf1 Qa5 11. a4 Bxf3 12. gxf3 Qc7 13. f4 g6 14. Ng3 Bd6 15. Qf3 Ne7 16. Kh1 Nf5 17. Ne2 Rad8 18. Be3 Kh8 19. a5 b6 20. b4 Rc8 21. Ra2 Qc6 22. axb6 axb6 23. Ra6 Ra8 24. b5 Qb7 25. Rea1 Rxa6 26. bxa6 Qa7 27. c4 Ne7 28. Nc3 dxc4 29. Nb5 Qd7 30. Bxc4 Nfd5 31. f5 gxf5 32. Bh6 Ra8 33. Qg2 Rg8 34. a7 Rxg2 35. Kxg2 Ne3+ 36. Bxe3 Qc6+ 37. f3 Qxc4 38. a8Q+ Kg7 39. Nxd6 Qe2+ 40. Bf2 Ng6 1-0

[Event "HUN-chT2 0102"]
[Site "Hungary"]
[Date "2002.04.07"]
[Round "10"]
[White "Boros, Denes"]
[Black "Neber, Akos"]
[Result "1/2-1/2"]
[WhiteElo "2180"]
[BlackElo "2212"]
[PlyCount "72"]
[EventDate "2001.??.??"]
[EventType "team"]
[EventRounds "11"]
[EventCountry "HUN"]
[SourceTitle "EXT 2004"]
[Source "ChessBase"]
[SourceDate "2003.11.25"]
[SourceVersion "1"]
[SourceVersionDate "2003.11.25"]
[SourceQuality "1"]

1. e4 e6 2. d4 d5 3. Nc3 Nf6 4. Bg5 Be7 5. e5 Nfd7 6. Bxe7 Qxe7 7. f4 a6 8. Nf3 c5 9. dxc5 Nc6 10. Bd3 Nxc5 11. Qd2 b5 12. 0-0 0-0 13. a3 b4 14. Ne2 Rb8 15. Ned4 Nxd4 16. Nxd4 Nxd3 17. Qxd3 bxa3 18. bxa3 Bd7 19. Rae1 Bb5 20. Nxb5 Rxb5 21. Kh1 g6 22. g4 Qh4 23. Qf3 Rc5 24. c3 Rfc8 25. Re3 Rc4 26. h3 f6 27. f5 fxe5 28. Rxe5 Rxc3 29. Re3 d4 30. fxg6 hxg6 31. Qf7+ Kh8 32. Qxe6 dxe3 33. Qe5+ Kg8 34. Qd5+ Kh8 35. Qe5+ Kg8 36. Qd5+ Kh8 1/2-1/2

[Event "HUN-chT2 0102"]
[Site "Hungary"]
[Date "2002.02.10"]
[Round "7"]
[White "Farkas, Zsolt"]
[Black "Neber, Akos"]
[Result "1/2-1/2"]
[WhiteElo "2241"]
[BlackElo "2212"]
[PlyCount "92"]
[EventDate "2001.??.??"]
[EventType "team"]
[EventRounds "11"]
[EventCountry "HUN"]
[SourceTitle "EXT 2004"]
[Source "ChessBase"]
[SourceDate "2003.11.25"]
[SourceVersion "1"]
[SourceVersionDate "2003.11.25"]
[SourceQuality "1"]

1. e4 e6 2. d4 d5 3. Nc3 Nf6 4. Bg5 Be7 5. e5 Nfd7 6. Bxe7 Qxe7 7. f4 a6 8. Nf3 c5 9. dxc5 Nc6 10. Bd3 Nxc5 11. 0-0 b5 12. Ne2 0-0 13. Ned4 Nxd4 14. Nxd4 Ne4 15. a3 Qc5 16. c3 Bb7 17. Qe2 f5 18. Rf3 Bc8 19. Kh1 Ra7 20. Rg1 g6 21. h3 Rg7 22. g4 Rff7 23. g5 Ra7 24. Rg2 Kf7 25. h4 Bd7 26. h5 Ra8 27. Rh2 Rb8 28. hxg6+ hxg6 29. Rh6 a5 30. Rfh3 Rbg8 31. Bxe4 dxe4 32. Qe3 Qc4 33. Kg2 Rd8 34. Rh8 Qc8 35. Rxd8 Qxd8 36. Kg3 Qc7 37. Rh2 Qc4 38. Qe2 Qd5 39. Qe3 Qc4 40. Qe2 Qc5 41. Rh8 b4 42. axb4 axb4 43. Qe3 Qc4 44. Qd2 bxc3 45. bxc3 Qf1 46. Qe3 Rg8 1/2-1/2

[Event "Cerbona op 3rd"]
[Site "Kaposvar"]
[Date "2001.07.19"]
[Round "8.6"]
[White "Neber, Akos"]
[Black "Horvath, Attila"]
[Result "0-1"]
[WhiteElo "2212"]
[BlackElo "2096"]
[PlyCount "52"]
[EventDate "2001.07.12"]
[EventType "swiss"]
[EventRounds "9"]
[EventCountry "HUN"]
[SourceTitle "EXT 2004"]
[Source "ChessBase"]
[SourceDate "2003.11.25"]
[SourceVersion "1"]
[SourceVersionDate "2003.11.25"]
[SourceQuality "1"]

1. e4 c5 2. Nf3 Nc6 3. d4 cxd4 4. Nxd4 Nf6 5. Nc3 e5 6. Ndb5 d6 7. Bg5 a6 8. Na3 b5 9. Nd5 Be7 10. Bxf6 Bxf6 11. c3 Ne7 12. Nc2 Bb7 13. Ncb4 0-0 14. a4 bxa4 15. Rxa4 Nxd5 16. Nxd5 Bg5 17. Bc4 Kh8 18. Qd3 f5 19. exf5 e4 20. Qh3 Rc8 21. b3 Bxd5 22. Bxd5 e3 23. fxe3 Rxc3 24. 0-0 Rxe3 25. Qg4 Re5 26. Be6 Rxe6 0-1